[Event "SG Ahaus-Wessum 1 - SK Münster 5"]
[Site "Verbandsliga 2015/2016"]
[Date "2016.01.16"]
[Round "5.1"]
[White "Haberkamp, Carl"]
[Black "Schulze Ameling, Hendrik"]
[Result "0-1"]
[WhiteElo "1892"]
[BlackElo "2025"]
[PlyCount "184"]
[EventDate "2016.??.??"]
[SourceDate "2015.09.20"]

1. d4 f5 2. g3 Nf6 3. Nf3 g6 4. Bg2 Bg7 5. O-O O-O 6. c4 d6 7. Nc3 c6 8. b3 Na6
9. Bb2 Qe8 10. d5 Nc7 11. Rc1 Bd7 12. Nd4 Rd8 13. Rc2 g5 14. e3 c5 15. Ne6 Nxe6
16. dxe6 Bxe6 17. Bxb7 Qg6 18. Bd5 Nxd5 19. Nxd5 Rf7 20. f4 h6 21. Qd2 Bc8 22.
Qa5 Rd7 23. Bxg7 Qxg7 24. Nc7 e6 25. Nb5 gxf4 26. Rxf4 Qa1+ 27. Rf1 Qe5 28. Qc3
Qe4 29. Rf4 Qc6 30. Rh4 Kh7 31. e4 f4 32. gxf4 Rg7+ 33. Kf2 Qxe4 34. Kf1 Qh1+
35. Ke2 Rg2+ 36. Ke3 Qg1+ 37. Kd3 Qf1+ 38. Ke3 Qg1+ 39. Kd3 Rdg7 40. Rxg2 Qxg2
41. Qd2 Qg6+ 42. Ke3 Qf6 43. Rh3 e5 44. Rf3 Bb7 45. Rf2 Re7 46. f5 Qg5+ 47. Ke2
Qh5+ 48. Kf1 Bf3 49. Qxd6 Rg7 50. Qxe5 Qg5 51. Qxg7+ Kxg7 52. Rxf3 Kf6 53. Nc3
Qc1+ 54. Kg2 Qc2+ 55. Kg3 h5 56. Nd5+ Kf7 57. Rf2 Qe4 58. Rf4 Qe2 59. f6 Qxa2
60. Rf3 Qe2 61. Re3 Qg4+ 62. Kf2 h4 63. h3 Qd4 64. Kf3 a5 65. Rc3 Qg1 66. Ke2
Qg2+ 67. Ke1 Qa2 68. Kf1 a4 69. bxa4 Qxa4 70. Kf2 Qd1 71. Kg2 Qe2+ 72. Kg1 Kf8
73. Kh1 Qf2 74. Ra3 Qf1+ 75. Kh2 Qe2+ 76. Kg1 Qxc4 77. Ra8+ Kf7 78. Ra7+ Kg6
79. Rg7+ Kh6 80. Ne3 Qd4 81. Re7 c4 82. Kg2 Qf4 83. Ng4+ Kg6 84. f7 Qd2+ 85.
Kf3 Qd3+ 86. Kf4 Qg3+ 87. Ke4 Qe1+ 88. Ne3 Kg7 89. Kf4 Qf2+ 90. Ke4 c3 91. Rc7
Qe1 92. Kf3 Qg3+ 0-1

[Event "SG Ahaus-Wessum 1 - SK Münster 5"]
[Site "Verbandsliga 2015/2016"]
[Date "2016.01.16"]
[Round "5.2"]
[White "Rosing, Hermann"]
[Black "Austrup, David"]
[Result "1/2-1/2"]
[WhiteElo "1950"]
[BlackElo "1956"]
[PlyCount "93"]
[EventDate "2016.??.??"]
[SourceDate "2015.09.20"]

1. d4 Nf6 2. Nc3 g6 3. e4 d6 4. f4 Bg7 5. Nf3 O-O 6. Bd3 c5 7. d5 a6 8. a4 Re8
9. O-O Qc7 10. Be2 e6 11. Nd2 exd5 12. exd5 Bf5 13. Bf3 h5 14. Nc4 Ng4 15. Ne2
Nd7 16. h3 Nh6 17. Nc3 Nb6 18. Nd2 Rad8 19. a5 Nc8 20. Nc4 Bd7 21. Kh2 Nf5 22.
Bd2 Bb5 23. Be2 Qe7 24. Bd3 Bxc4 25. Bxc4 Bd4 26. Qf3 Nh4 27. Qd3 Nf5 28. Rae1
Qf8 29. Ne4 Bg7 30. Bc3 Nd4 31. Bxd4 Bxd4 32. f5 Qg7 33. c3 Be5+ 34. Kh1 g5 35.
Bb3 f6 36. Ba4 Re7 37. Bb3 Rc7 38. Bd1 h4 39. Bh5 Kh8 40. Bg6 Ne7 41. Bh5 Qh7
42. Bg4 Ng8 43. Nd2 Nh6 44. Nc4 Nxg4 45. hxg4 Qd7 46. Re4 Kg7 47. Rd1 1/2-1/2

[Event "SG Ahaus-Wessum 1 - SK Münster 5"]
[Site "Verbandsliga 2015/2016"]
[Date "2016.01.16"]
[Round "5.3"]
[White "Hartmann, Steffen"]
[Black "Bauland, Thomas"]
[Result "1/2-1/2"]
[WhiteElo "1877"]
[BlackElo "1862"]
[PlyCount "99"]
[EventDate "2016.??.??"]
[SourceDate "2015.09.20"]

1. e4 e6 2. d4 d5 3. Nd2 Nf6 4. e5 Nfd7 5. c3 c5 6. Bd3 Nc6 7. Ne2 cxd4 8. cxd4
f6 9. exf6 Qxf6 10. Nf3 Bb4+ 11. Bd2 Bxd2+ 12. Qxd2 O-O 13. O-O Nb6 14. Rac1
Bd7 15. Ng5 g6 16. Nf3 Rae8 17. Qh6 Re7 18. h4 e5 19. dxe5 Nxe5 20. Nxe5 Rxe5
21. Ng3 Bc6 22. h5 Qg7 23. Qxg7+ Kxg7 24. hxg6 hxg6 25. Rfe1 Nd7 26. Re2 Rxe2
27. Bxe2 Ne5 28. Rd1 Rd8 29. Rd4 Kf6 30. Nf1 a5 31. Ne3 Ke6 32. f4 Nf7 33. b3
b5 34. a3 Kd6 35. b4 axb4 36. axb4 Re8 37. Kf2 Nd8 38. Bg4 Rh8 39. Kg3 Rh1 40.
Kf2 Rb1 41. g3 Rb2+ 42. Ke1 Ne6 43. Bxe6 Kxe6 44. Kf1 Bb7 45. Ke1 Bc6 46. Kd1
Rf2 47. Ng4 Rb2 48. Ne5 Be8 49. Kc1 Rg2 50. g4 1/2-1/2

[Event "SG Ahaus-Wessum 1 - SK Münster 5"]
[Site "Verbandsliga 2015/2016"]
[Date "2016.01.16"]
[Round "5.4"]
[White "Diehlmann, Christian"]
[Black "Baumann, Eva"]
[Result "1/2-1/2"]
[WhiteElo "1874"]
[BlackElo "1595"]
[PlyCount "61"]
[EventDate "2016.??.??"]
[SourceDate "2015.09.20"]

1. d4 d5 2. c4 e6 3. Nc3 Nf6 4. Nf3 Nbd7 5. Bg5 Be7 6. e3 O-O 7. Bd3 dxc4 8.
Bxc4 Nb6 9. Bd3 Nfd5 10. Bxe7 Qxe7 11. O-O Nxc3 12. bxc3 c5 13. Nd2 h6 14. Ne4
cxd4 15. cxd4 Nd5 16. Qb3 b6 17. Rfc1 Bb7 18. a3 Rfc8 19. h3 Nf6 20. Nd2 Qd6
21. Be2 Qd5 22. Qxd5 Bxd5 23. Ba6 Rd8 24. Rc7 Ne8 25. Rc3 Nd6 26. Rac1 Kf8 27.
f3 Ke8 28. Rc7 Rd7 29. e4 Bb7 30. Bxb7 Nxb7 31. Rxd7 1/2-1/2

[Event "SG Ahaus-Wessum 1 - SK Münster 5"]
[Site "Verbandsliga 2015/2016"]
[Date "2016.01.16"]
[Round "5.5"]
[White "Leder, Nils"]
[Black "Winking, Hendirk"]
[Result "1/2-1/2"]
[WhiteElo "1595"]
[BlackElo "1954"]
[PlyCount "159"]
[EventDate "2016.??.??"]
[SourceDate "2015.09.20"]

1. e4 g6 2. d4 Bg7 3. Nf3 d6 4. Bc4 Nf6 5. Nc3 O-O 6. O-O Nxe4 7. Nxe4 d5 8.
Bd3 dxe4 9. Bxe4 c6 10. c3 Bg4 11. h3 Be6 12. Qc2 Nd7 13. Bf4 Nf6 14. Bd3 Nd5
15. Bg3 Rc8 16. Ng5 Bd7 17. a3 e5 18. Nf3 exd4 19. Nxd4 Qb6 20. Nf3 Rfe8 21.
Rfe1 Ne7 22. Ne5 Be6 23. Nc4 Bxc4 24. Bxc4 Nf5 25. Bf4 Rcd8 26. Rad1 Rxd1 27.
Rxd1 Bf6 28. Kf1 Kg7 29. Rd7 Re7 30. Rxe7 Nxe7 31. Qd2 Qc5 32. Bh6+ Kh8 33.
Bxf7 Nf5 34. Bf4 Qe7 35. Bb3 g5 36. Bh2 b6 37. Qd3 Nh4 38. Qd6 Qxd6 39. Bxd6
Ng6 40. Bb8 a6 41. Bc7 b5 42. g3 Kg7 43. Be6 Be5 44. Bb6 Ne7 45. Ke2 Kf6 46.
Bd7 Bd6 47. Bd4+ Kf7 48. Kf3 c5 49. Be3 h6 50. Ke4 b4 51. axb4 cxb4 52. c4 Ng8
53. Bc8 Nf6+ 54. Kf5 a5 55. b3 Ne8 56. Bb6 Bc7 57. Be6+ Ke7 58. Bxc7 Nxc7 59.
Bg8 Ne6 60. c5 Nxc5 61. f4 gxf4 62. Kxf4 Kf6 63. Bc4 a4 64. bxa4 Nxa4 65. g4
Nb2 66. Bb3 Nd3+ 67. Ke3 Nc5 68. Bc2 Kg5 69. Kd4 b3 70. Bb1 Ne6+ 71. Kc3 Nf4
72. Kxb3 Nxh3 73. Bf5 Nf2 74. Kc3 Nxg4 75. Bc8 Kf4 76. Kd3 h5 77. Ke2 Kg3 78.
Kf1 h4 79. Bxg4 Kxg4 80. Kg2 1/2-1/2

[Event "SG Ahaus-Wessum 1 - SK Münster 5"]
[Site "Verbandsliga 2015/2016"]
[Date "2016.01.16"]
[Round "5.6"]
[White "Woltering, Martin"]
[Black "Thiry, Franz Josef"]
[Result "1-0"]
[WhiteElo "1733"]
[BlackElo "1597"]
[PlyCount "83"]
[EventDate "2016.??.??"]
[SourceDate "2015.09.20"]

1. e4 c5 2. Nc3 a6 3. f4 b5 4. Nf3 Bb7 5. d3 e6 6. Be2 d6 7. O-O Nd7 8. Qe1 Ne7
9. Qg3 b4 10. Nd1 d5 11. Nf2 dxe4 12. dxe4 Nf6 13. Bd3 Qc7 14. b3 Ng6 15. e5
Nd5 16. f5 exf5 17. Bxf5 Nc3 18. Re1 Be7 19. h4 Bxf3 20. Qxf3 Rd8 21. e6 Nxh4
22. exf7+ Kf8 23. Qg4 Nxf5 24. Qxf5 Qd7 25. Qf3 Qd5 26. Ne4 Nxe4 27. Rxe4 Qd1+
28. Qxd1 Rxd1+ 29. Kf2 Kxf7 30. Rxe7+ Kxe7 31. Bg5+ Ke6 32. Rxd1 h6 33. Rd8
Rxd8 34. Bxd8 Kd5 35. Ke3 g6 36. Kd3 h5 37. Bg5 a5 38. g3 a4 39. Bd8 a3 40. Bg5
Ke5 41. Kc4 Kd6 42. Be3 1-0

[Event "SG Ahaus-Wessum 1 - SK Münster 5"]
[Site "Verbandsliga 2015/2016"]
[Date "2016.01.16"]
[Round "5.7"]
[White "Kamp, Aaron"]
[Black "Kemper, Josef"]
[Result "0-1"]
[WhiteElo "1575"]
[BlackElo "1828"]
[PlyCount "94"]
[EventDate "2016.??.??"]
[SourceDate "2015.09.20"]

1. e4 e5 2. d4 exd4 3. Nf3 Nc6 4. Bc4 Be7 5. c3 Nf6 6. e5 Ne4 7. cxd4 d5 8. Bb5
O-O 9. O-O Bg4 10. Bxc6 bxc6 11. Qc2 c5 12. Be3 Bf5 13. Qc1 cxd4 14. Nxd4 Bd7
15. f3 Ng5 16. Nc3 c5 17. Nxd5 cxd4 18. Nxe7+ Qxe7 19. Bxg5 Qxe5 20. Re1 Qb5
21. Qd2 d3 22. Rad1 Bf5 23. g4 Bg6 24. f4 f6 25. Bh4 Rfd8 26. f5 Bf7 27. Re3
Rd4 28. Rxd3 Rxg4+ 29. Bg3 h5 30. h3 Rg5 31. Rd8+ Rxd8 32. Qxd8+ Kh7 33. Qd3
Qxd3 34. Rxd3 h4 35. a4 Rxg3+ 36. Rxg3 hxg3 37. Kg2 a5 38. Kxg3 Bb3 39. Kg4 Kh6
40. Kh4 Bxa4 41. Kg4 Bc2 42. h4 a4 43. h5 Bd1+ 44. Kf4 Kxh5 45. Ke4 Kg5 46. Ke3
Kxf5 47. Kd2 Bb3 0-1

[Event "SG Ahaus-Wessum 1 - SK Münster 5"]
[Site "Verbandsliga 2015/2016"]
[Date "2016.01.16"]
[Round "5.8"]
[White "Terdues, Guido"]
[Black "Kamp, Adrian"]
[Result "1/2-1/2"]
[WhiteElo "1703"]
[BlackElo "1501"]
[PlyCount "47"]
[EventDate "2016.??.??"]
[SourceDate "2015.09.20"]

1. f4 e5 2. fxe5 d6 3. exd6 Bxd6 4. Nf3 g5 5. g3 g4 6. Nh4 Ne7 7. d4 Ng6 8.
Nxg6 hxg6 9. Qd3 Nc6 10. c3 Bf5 11. e4 Qe7 12. Bg2 O-O-O 13. Be3 Be6 14. Bf2 f5
15. Nd2 f4 16. gxf4 Bxf4 17. Bg3 Ne5 18. Qe2 Bxd2+ 19. Kxd2 Qg5+ 20. Kc2 Nc4
21. Rae1 Rhe8 22. b3 Nd6 23. c4 Nf5 24. Be5 1/2-1/2

[Event "SF Olfen 1 - TV Borken 1"]
[Site "Verbandsliga 2015/2016"]
[Date "2016.01.16"]
[Round "5.1"]
[White "Schulze-Schwering, Philipp"]
[Black "Koke, Christoph"]
[Result "1/2-1/2"]
[WhiteElo "2047"]
[BlackElo "2070"]
[PlyCount "54"]
[EventDate "2016.??.??"]
[SourceDate "2015.09.20"]

1. d4 Nf6 2. c4 g6 3. g3 c6 4. Bg2 d5 5. b3 dxc4 6. bxc4 e5 7. e3 exd4 8. Qxd4
Qxd4 9. exd4 Be6 10. Nd2 Nbd7 11. Ngf3 Nb6 12. c5 Nc4 13. O-O Nxd2 14. Bxd2
O-O-O 15. Bf4 Nd5 16. Be3 Nxe3 17. fxe3 Bh6 18. Rfe1 Rhe8 19. Kf2 Re7 20. a4
Bd5 21. Ne5 f6 22. Nf3 Rde8 23. Ra3 b6 24. cxb6 axb6 25. Nh4 Bxg2 26. Nxg2 Kb7
27. Rb1 Ra8 1/2-1/2

[Event "SF Olfen 1 - TV Borken 1"]
[Site "Verbandsliga 2015/2016"]
[Date "2016.01.16"]
[Round "5.2"]
[White "Bösel, Alexander"]
[Black "Schroer, Klaus"]
[Result "0-1"]
[WhiteElo "1961"]
[BlackElo "2045"]
[PlyCount "84"]
[EventDate "2016.??.??"]
[SourceDate "2015.09.20"]

1. e4 e5 2. f4 d6 3. Nf3 Nc6 4. Bc4 Nf6 5. Nc3 Bg4 6. d3 Nd4 7. Be3 Bxf3 8.
gxf3 Nh5 9. Nb5 Nxb5 10. Bxb5+ c6 11. Bc4 Qh4+ 12. Bf2 Qxf4 13. Qe2 Be7 14. Be3
Bh4+ 15. Kd2 Qf6 16. Rag1 Nf4 17. Qf1 h5 18. Kc1 g6 19. Kb1 b5 20. Bb3 a5 21.
c3 a4 22. Bc2 c5 23. d4 c4 24. Qd1 O-O 25. Qd2 a3 26. b3 b4 27. bxc4 bxc3 28.
Qd1 Rfb8+ 29. Bb3 exd4 30. Bxd4 Qe6 31. Kc2 Rxb3 32. axb3 a2 33. Bxc3 a1=Q 34.
Bxa1 Ra2+ 35. Kb1 Rxa1+ 36. Kxa1 Bf6+ 37. Ka2 d5 38. Qc1 Ne2 39. Qd2 Nc3+ 40.
Ka3 Qa6+ 41. Kb4 Qb6+ 42. Ka3 Qa5+ 0-1

[Event "SF Olfen 1 - TV Borken 1"]
[Site "Verbandsliga 2015/2016"]
[Date "2016.01.16"]
[Round "5.3"]
[White "Beckmann, David"]
[Black "Beutelhoff, Josef"]
[Result "1-0"]
[WhiteElo "1991"]
[BlackElo "2059"]
[PlyCount "61"]
[EventDate "2016.??.??"]
[SourceDate "2015.09.20"]

1. Nf3 Nf6 2. g3 d6 3. d4 g6 4. Bg2 Bg7 5. O-O O-O 6. c4 Nbd7 7. Nc3 e5 8. e4
a5 9. h3 c6 10. Be3 Qe7 11. dxe5 dxe5 12. Qc2 Nh5 13. Na4 f5 14. exf5 gxf5 15.
Bg5 Qe6 16. Rfe1 e4 17. Bd2 Qf7 18. Ng5 Qg6 19. c5 Be5 20. Qb3+ Kh8 21. g4 fxg4
22. hxg4 Nhf6 23. Nxe4 Nxg4 24. Bc3 Rg8 25. Ng3 h5 26. Rxe5 Ndxe5 27. Re1 Be6
28. Qxb7 Qf6 29. f3 Raf8 30. fxg4 Rg7 31. Qxg7+ 1-0

[Event "SF Olfen 1 - TV Borken 1"]
[Site "Verbandsliga 2015/2016"]
[Date "2016.01.16"]
[Round "5.4"]
[White "Althoff, Ralph"]
[Black "Farwick, Christian"]
[Result "1-0"]
[WhiteElo "1978"]
[BlackElo "1828"]
[PlyCount "65"]
[EventDate "2016.??.??"]
[SourceDate "2015.09.20"]

1. e4 c5 2. Nf3 e6 3. d4 cxd4 4. Nxd4 d6 5. Nc3 Be7 6. Be3 Bd7 7. Qd2 Nf6 8. h3
a6 9. g4 Nc6 10. g5 Ng8 11. Rg1 Qc7 12. O-O-O b5 13. a3 b4 14. Nxc6 Bxc6 15.
axb4 Qb7 16. Qd4 e5 17. Qc4 Bd7 18. Nd5 Bb5 19. Nc7+ Kf8 20. Nxb5 axb5 21. Qxb5
Ra1+ 22. Kd2 Rxd1+ 23. Kxd1 Qa8 24. Qa5 Qc8 25. Qd5 h6 26. Bc4 Qe8 27. h4 hxg5
28. hxg5 g6 29. b5 Rh7 30. Rg3 Qd7 31. b6 Qa4 32. b7 Qb4 33. Bd2 1-0

[Event "SF Olfen 1 - TV Borken 1"]
[Site "Verbandsliga 2015/2016"]
[Date "2016.01.16"]
[Round "5.5"]
[White "Theißen, Frank"]
[Black "Grawunder, Jürgen"]
[Result "0-1"]
[WhiteElo "1746"]
[BlackElo "1969"]
[PlyCount "114"]
[EventDate "2016.??.??"]
[SourceDate "2015.09.20"]

1. e4 d6 2. d4 g6 3. Be3 Bg7 4. c4 Nd7 5. Qd2 Ngf6 6. f3 c6 7. Nc3 e5 8. Nge2
Qe7 9. d5 c5 10. Nb5 Nb6 11. Nec3 a6 12. Na3 Nbd7 13. Be2 Nh5 14. g3 Nhf6 15.
Nc2 O-O 16. Bg5 Re8 17. h4 Qf8 18. O-O-O h6 19. Be3 Nh7 20. g4 f6 21. g5 fxg5
22. hxg5 h5 23. Rdf1 Qe7 24. Ne1 Rf8 25. Ng2 Rf7 26. Nh4 Nhf8 27. Bd3 b5 28.
cxb5 axb5 29. Bxb5 Ba6 30. Qe2 Bxb5 31. Qxb5 Rb8 32. Qe2 Rf4 33. Qg2 Nb6 34. b3
Qa7 35. Rf2 Qa3+ 36. Kd1 Qb4 37. Bd2 Qd4 38. Ne2 Qa1+ 39. Nc1 Rf7 40. Qh3 Qd4
41. Ke2 Ra8 42. Be3 Qb4 43. Kf1 Nbd7 44. Rc2 Qxe4 45. Re2 Qxd5 46. Rd2 Qc6 47.
Kg2 d5 48. Re1 d4 49. Bf2 Ne6 50. Nxg6 Nxg5 51. Qxh5 Qxf3+ 52. Qxf3 Nxf3 53.
Ne7+ Rxe7 54. Kxf3 e4+ 55. Rxe4 Rf8+ 56. Rf4 Rxf4+ 57. Kxf4 Bh6+ 0-1

[Event "SF Olfen 1 - TV Borken 1"]
[Site "Verbandsliga 2015/2016"]
[Date "2016.01.16"]
[Round "5.6"]
[White "Engelkamp, Stephan"]
[Black "Rickert, Berthold"]
[Result "1-0"]
[WhiteElo "1897"]
[BlackElo "1803"]
[PlyCount "119"]
[EventDate "2016.??.??"]
[SourceDate "2015.09.20"]

1. c4 g6 2. Nc3 Bg7 3. d4 d6 4. e4 Nd7 5. Be3 e5 6. d5 Ne7 7. g4 Nf6 8. f3 h5
9. g5 Nd7 10. h4 O-O 11. Qd2 Nb6 12. c5 dxc5 13. Bxc5 Bd7 14. a4 a6 15. a5 Nbc8
16. Nge2 Nd6 17. Ng3 Re8 18. Bd3 Nb5 19. Nxb5 Bxb5 20. Bxb5 axb5 21. Rd1 Nc8
22. O-O Nd6 23. b3 Qd7 24. Kh2 Ra6 25. Rc1 Rea8 26. Bb4 b6 27. axb6 Rxb6 28.
Rc2 Ne8 29. Rfc1 Rba6 30. Nh1 Bf8 31. Nf2 Bd6 32. Nd3 Qe7 33. Nc5 Ra1 34. Rxa1
Rxa1 35. Qe2 f6 36. Qxb5 fxg5 37. hxg5 Kf7 38. Rg2 Rc1 39. Nd3 Rb1 40. Qc4 Rf1
41. Ne1 Bxb4 42. Qxf1 Bc3 43. Nc2 Nd6 44. Qd3 Ba5 45. b4 Bb6 46. Ne3 Kg7 47.
Nc4 Nxc4 48. Qxc4 Qf8 49. Qc3 Qf4+ 50. Kh3 Kg8 51. d6 Qf7 52. dxc7 Bxc7 53. Rc2
Bd6 54. Qc4 Bxb4 55. Qxb4 Qxf3+ 56. Kh2 Qf4+ 57. Kg2 Qxg5+ 58. Kf2 Qf4+ 59. Ke2
h4 60. Rc8+ 1-0

[Event "SF Olfen 1 - TV Borken 1"]
[Site "Verbandsliga 2015/2016"]
[Date "2016.01.16"]
[Round "5.7"]
[White "Vijayakumaran, Vithoosan"]
[Black "Boenigk, Winfried"]
[Result "1-0"]
[WhiteElo "1674"]
[BlackElo "1751"]
[PlyCount "97"]
[EventDate "2016.??.??"]
[SourceDate "2015.09.20"]

1. b3 Nf6 2. Bb2 d5 3. e3 c5 4. Bb5+ Nc6 5. Nf3 e6 6. O-O Bd6 7. Ne5 Qc7 8. f4
O-O 9. Nxc6 bxc6 10. Bxf6 gxf6 11. Bd3 f5 12. Qh5 Kh8 13. Rf3 Rg8 14. Rg3 Bb7
15. Nc3 Rxg3 16. hxg3 Rg8 17. Kf2 Bc8 18. Rh1 f6 19. Rh4 Qe7 20. Ne2 Bd7 21.
Ng1 Be8 22. Qf3 Bg6 23. g4 fxg4 24. Rxg4 f5 25. Rg3 Qc7 26. Nh3 Be7 27. Ng5 Qd7
28. Rh3 Bxg5 29. fxg5 e5 30. Qg3 Qg7 31. Rh4 e4 32. Be2 Be8 33. Rh6 Qe7 34. Qh4
Bg6 35. Bh5 Bxh5 36. Qxh5 Rxg5 37. Rxh7+ Qxh7 38. Qxg5 Qd7 39. Qh6+ Kg8 40.
Qg5+ Kh8 41. Kg3 Qd6+ 42. Qf4 Qd7 43. Qe5+ Kg8 44. Kf4 a5 45. Qxf5 Qd6+ 46. Qe5
Qf8+ 47. Kg5 Qf2 48. Qe6+ Kg7 49. Qg6+ 1-0

[Event "SF Olfen 1 - TV Borken 1"]
[Site "Verbandsliga 2015/2016"]
[Date "2016.01.16"]
[Round "5.8"]
[White "Steffens, Gerd"]
[Black "Klüppel, Ralf"]
[Result "1/2-1/2"]
[WhiteElo "1790"]
[BlackElo "1677"]
[PlyCount "26"]
[EventDate "2016.??.??"]
[SourceDate "2015.09.20"]

1. e4 c6 2. f4 d5 3. e5 g6 4. Nf3 Bg7 5. d4 Nh6 6. Bd3 c5 7. c3 Qb6 8. Nbd2
cxd4 9. Nxd4 O-O 10. N2f3 Na6 11. Qe2 Nc5 12. Bb1 f6 13. O-O Ne6 1/2-1/2

[Event "SF Beelen 1 - SK Münster 4"]
[Site "Verbandsliga 2015/2016"]
[Date "2016.01.16"]
[Round "5.1"]
[White "Schulz, Stefan"]
[Black "Hofene, Dieter"]
[Result "1/2-1/2"]
[WhiteElo "1921"]
[BlackElo "1959"]
[PlyCount "177"]
[EventDate "2016.??.??"]
[SourceDate "2015.09.20"]

1. d4 e6 2. Nf3 Nf6 3. g3 Bb4+ 4. c3 Be7 5. Qc2 b6 6. Bg2 Bb7 7. Nbd2 d6 8. O-O
O-O 9. e4 Nbd7 10. c4 e5 11. b3 Re8 12. Bb2 Bf8 13. Rad1 Qe7 14. Rfe1 g6 15. h3
Bg7 16. Kh2 a5 17. a3 Nh5 18. dxe5 dxe5 19. Nb1 Nf8 20. Nc3 c6 21. Rd3 Rad8 22.
Red1 Ne6 23. Na4 Qc7 24. c5 b5 25. Nb6 Rxd3 26. Rxd3 Rd8 27. b4 a4 28. Qd2 f6
29. Ne1 Bf8 30. h4 Rxd3 31. Qxd3 Qd8 32. Qxd8 Nxd8 33. Bh3 Kf7 34. Nd3 Bh6 35.
Nc8 Bxc8 36. Bxc8 Ke7 37. Kg2 Ne6 38. Kf3 Nhg7 39. g4 Kd8 40. Bxe6 Nxe6 41. g5
fxg5 42. Nxe5 Kc7 43. Nf7 g4+ 44. Kxg4 Bd2 45. Ne5 h5+ 46. Kf3 Nf4 47. Kg3 Ne2+
48. Kf3 Nf4 49. Kg3 Ne2+ 50. Kg2 Bc3 51. Nd3 Bxb2 52. Nxb2 Nc3 53. Kf3 Nb1 54.
Ke2 Nxa3 55. Kd3 Nb1 56. Kc2 Nd2 57. Nxa4 Nxe4 58. Nc3 Nxf2 59. Kd2 Ng4 60. Kd3
Nf6 61. Kd4 Kd7 62. Ke5 Ke7 63. Kf4 Nd7 64. Kg5 Ne5 65. Ne2 Ke6 66. Nf4+ Kf7
67. Ne2 Nf3+ 68. Kf4 Nxh4 69. Nd4 Kf6 70. Nxc6 g5+ 71. Kg3 Nf5+ 72. Kf3 Ke6 73.
Nd8+ Kd7 74. Nf7 g4+ 75. Kf4 Ng7 76. Nd6 Ne6+ 77. Kg3 Kc6 78. Kh4 Ng7 79. Kg3
Ne6 80. Kh4 Nxc5 81. Nf5 Ne4 82. Nd4+ Kd5 83. Nxb5 Kc4 84. Nc7 Nf6 85. b5 Kc5
86. Ne6+ Kxb5 87. Nf4 Kc4 88. Nxh5 Nxh5 89. Kxg4 1/2-1/2

[Event "SF Beelen 1 - SK Münster 4"]
[Site "Verbandsliga 2015/2016"]
[Date "2016.01.16"]
[Round "5.2"]
[White "Cigelski, Rudolf"]
[Black "Jansen, Dirk"]
[Result "0-1"]
[WhiteElo "1780"]
[BlackElo "1924"]
[PlyCount "54"]
[EventDate "2016.??.??"]
[SourceDate "2015.09.20"]

1. e4 e6 2. Qe2 c5 3. b3 Be7 4. Bb2 Nf6 5. f4 Nc6 6. Nf3 O-O 7. Nc3 d5 8. e5
Ng4 9. O-O-O f6 10. h3 Nh6 11. exf6 Bxf6 12. g4 Nd4 13. Qf2 Nxf3 14. Qxf3 Bd7
15. Ne2 Bxb2+ 16. Kxb2 Qb6 17. d4 Rac8 18. Rh2 Nf7 19. Qe3 Nd6 20. Ng3 c4 21.
Ne2 cxb3 22. Qxb3 Qa5 23. Rf2 Ba4 24. Qd3 Bxc2 25. Qxc2 Rxc2+ 26. Kxc2 Qa4+ 27.
Kd3 Qxd1+ 0-1

[Event "SF Beelen 1 - SK Münster 4"]
[Site "Verbandsliga 2015/2016"]
[Date "2016.01.16"]
[Round "5.3"]
[White "Tietz, Eric"]
[Black "Hanewinkel, Winfried"]
[Result "1-0"]
[WhiteElo "1906"]
[BlackElo "1917"]
[PlyCount "49"]
[EventDate "2016.??.??"]
[SourceDate "2015.09.20"]

1. e4 d5 2. exd5 Qxd5 3. Nc3 Qa5 4. d4 c6 5. Bd2 Nf6 6. Bc4 Qc7 7. Qe2 Bf5 8.
Bb3 e6 9. Nf3 Be7 10. Ne5 Nbd7 11. g4 Bg6 12. h4 h6 13. Nxg6 fxg6 14. Bxe6 Nf8
15. O-O-O Nxe6 16. Qxe6 Qd7 17. Rhe1 Qxe6 18. Rxe6 Kf7 19. Rde1 Rhe8 20. g5 Ng8
21. d5 cxd5 22. Nxd5 Bxg5 23. hxg5 Rxe6 24. Rxe6 Kxe6 25. Nc7+ 1-0

[Event "SF Beelen 1 - SK Münster 4"]
[Site "Verbandsliga 2015/2016"]
[Date "2016.01.16"]
[Round "5.4"]
[White "Hanewinkel, Martin"]
[Black "Wolffgang, Georg"]
[Result "0-1"]
[WhiteElo "1842"]
[BlackElo "1879"]
[PlyCount "84"]
[EventDate "2016.??.??"]
[SourceDate "2015.09.20"]

1. d4 f5 2. Nf3 Nf6 3. c3 b6 4. Bf4 Bb7 5. e3 e6 6. Nbd2 Be7 7. h3 O-O 8. Bc4
Bxf3 9. Nxf3 d5 10. Bd3 Ne4 11. h4 Nd7 12. Bxe4 fxe4 13. Ng5 Bxg5 14. hxg5 g6
15. Qg4 Rf5 16. O-O-O c5 17. f3 Qe7 18. fxe4 dxe4 19. Qh4 e5 20. Bxe5 Nxe5 21.
Qxe4 Re8 22. dxe5 Rxe5 23. Qc4+ Kh8 24. Rdf1 Rxg5 25. Kc2 Rxg2+ 26. Kb3 h5 27.
Rf7 Qxe3 28. Rd1 Rd2 29. Rxd2 Qxd2 30. Rxa7 Qd6 31. Kc2 Rd8 32. Qe2 c4 33. Kc1
b5 34. Re7 Rf8 35. Re8 Qf4+ 36. Kc2 Qf5+ 37. Kc1 Rxe8 38. Qxe8+ Kg7 39. b3 cxb3
40. axb3 Qf4+ 41. Kc2 h4 42. Qxb5 Qf5+ 0-1

[Event "SF Beelen 1 - SK Münster 4"]
[Site "Verbandsliga 2015/2016"]
[Date "2016.01.16"]
[Round "5.5"]
[White "Voß, Norbert"]
[Black "Wältermann, Thomas"]
[Result "1-0"]
[WhiteElo "1854"]
[BlackElo "1777"]
[PlyCount "83"]
[EventDate "2016.??.??"]
[SourceDate "2015.09.20"]

1. c4 Nf6 2. g3 g6 3. Bg2 Bg7 4. Nc3 d6 5. Nf3 O-O 6. O-O e5 7. d3 Nc6 8. Bg5
h6 9. Bxf6 Bxf6 10. Rb1 Ne7 11. Nd2 c6 12. b4 d5 13. b5 e4 14. Qc2 exd3 15.
exd3 Bf5 16. Rfd1 Rc8 17. bxc6 bxc6 18. Rb7 Qa5 19. Ne2 Rb8 20. Rxb8 Rxb8 21.
Nb3 Qb6 22. Qd2 h5 23. Qf4 dxc4 24. dxc4 Rd8 25. Rd6 Kg7 26. c5 Qc7 27. Qd2 Nc8
28. Rxd8 Bxd8 29. Ned4 Bd7 30. Nxc6 Bxc6 31. Bxc6 Bf6 32. Bf3 Be5 33. Kg2 h4
34. Qd5 hxg3 35. hxg3 Ne7 36. Qd3 Nc6 37. Qe4 Ne7 38. c6 f5 39. Qc4 Kf6 40. Nc5
Qd6 41. Nd7+ Kg5 42. Qh4# 1-0

[Event "SF Beelen 1 - SK Münster 4"]
[Site "Verbandsliga 2015/2016"]
[Date "2016.01.16"]
[Round "5.6"]
[White "Ruhe, Johannes"]
[Black "Börger, Andreas"]
[Result "1-0"]
[WhiteElo "1922"]
[BlackElo "1811"]
[PlyCount "67"]
[EventDate "2016.??.??"]
[SourceDate "2015.09.20"]

1. e4 e6 2. d4 d5 3. Nc3 Nf6 4. e5 Nfd7 5. f4 c5 6. Nf3 Nc6 7. Be3 cxd4 8. Nxd4
Bb4 9. Bd3 Qb6 10. Bb5 Nxd4 11. Bxd7+ Bxd7 12. Bxd4 Bxc3+ 13. bxc3 Qa6 14. Bc5
Rc8 15. Bd4 Bb5 16. Kf2 Rc4 17. a3 Ra4 18. Qc1 O-O 19. Re1 f6 20. exf6 gxf6 21.
Kg1 Kf7 22. f5 e5 23. Qh6 Rg8 24. Qh5+ Kf8 25. Bc5+ Kg7 26. Re3 Kh8 27. Rh3 Rg7
28. Bb4 Qb6+ 29. Kh1 Qf2 30. Rg1 Bf1 31. Qe8+ Rg8 32. Rxh7+ Kxh7 33. Qh5+ Kg7
34. Qg6+ 1-0

[Event "SF Beelen 1 - SK Münster 4"]
[Site "Verbandsliga 2015/2016"]
[Date "2016.01.16"]
[Round "5.7"]
[White "Schöpper, Oliver"]
[Black "Fuisting, Dominik"]
[Result "1-0"]
[WhiteElo "1794"]
[BlackElo "1735"]
[PlyCount "101"]
[EventDate "2016.??.??"]
[SourceDate "2015.09.20"]

1. d4 d5 2. c4 c6 3. Nf3 Bf5 4. cxd5 cxd5 5. Qb3 Qc8 6. Nc3 e6 7. Bf4 a6 8. Na4
Nc6 9. Nb6 Qd8 10. Nxa8 Qxa8 11. a3 Nf6 12. e3 Be7 13. Bd3 Ne4 14. O-O O-O 15.
Rfc1 Rc8 16. Qd1 Bg4 17. h3 Bf5 18. Ne5 f6 19. Nxc6 bxc6 20. Qe2 Kf7 21. Bxa6
Rg8 22. f3 Nd6 23. Bd3 g5 24. Bxd6 Bxd6 25. Rc3 h5 26. Bxf5 exf5 27. Qc2 Qc8
28. Rxc6 Qe6 29. Rc1 g4 30. fxg4 hxg4 31. Qe2 f4 32. hxg4 fxe3 33. R1c3 Rh8 34.
Qxe3 Bh2+ 35. Kf1 Qxg4 36. Qf3 Qxd4 37. Rd3 Qg1+ 38. Ke2 Re8+ 39. Kd2 Qe1+ 40.
Kc2 Re2+ 41. Kb3 Be5 42. Qxd5+ Kg6 43. Qg8+ Kf5 44. Rf3+ Bf4 45. Qh7+ Ke5 46.
Qe7+ Kf5 47. Rxf6+ Kg4 48. R6xf4+ Kh5 49. Qh7+ Kg5 50. Rf5+ Kg4 51. Qh3# 1-0

[Event "SF Beelen 1 - SK Münster 4"]
[Site "Verbandsliga 2015/2016"]
[Date "2016.01.16"]
[Round "5.8"]
[White "Hanewinkel, Christian"]
[Black "Voß, Andreas"]
[Result "0-1"]
[WhiteElo "1694"]
[BlackElo "1678"]
[PlyCount "80"]
[EventDate "2016.??.??"]
[SourceDate "2015.09.20"]

1. e4 d5 2. exd5 Nf6 3. Bb5+ Bd7 4. Bxd7+ Qxd7 5. c4 c6 6. d4 cxd5 7. c5 Nc6 8.
Nf3 g6 9. Nc3 Bg7 10. Ne5 Nxe5 11. dxe5 Qe6 12. f4 O-O-O 13. O-O Ne4 14. Nb5
Qa6 15. a4 f6 16. Qd4 Kb8 17. Be3 Qc6 18. b4 fxe5 19. fxe5 Rhf8 20. Nc3 Nxc3
21. Qxc3 Rxf1+ 22. Rxf1 Qe6 23. Bd4 Rf8 24. Re1 Rc8 25. b5 Ka8 26. a5 Bh6 27.
c6 bxc6 28. Qc5 Rc7 29. b6 Rb7 30. Rf1 Bg7 31. Qc3 h5 32. a6 Rxb6 33. Bxb6 axb6
34. Qb4 c5 35. Qb5 Ka7 36. Rc1 Bxe5 37. Kh1 Bf6 38. Qd3 Qe4 39. Qg3 Be5 40. Qf2
Qf4 0-1